Niektoré aspekty transformácie svetovej ekonomiky a rizika jej ďalšieho vývoja

Analýza súvislostí transformácie svetovej ekonomiky a pohľad na meniace sa postavenie rôznych regiónov či zoskupení, trendy ekonomického rastu a inflačných výkyvov na jednej strane ako aj dilemy hospodárskej politiky v snahách riešenia týchto problémov na strane druhej. Riziká ďalšieho vývoja svetov...

Ausführliche Beschreibung

Gespeichert in:
Bibliographische Detailangaben
1. Verfasser: Workie Tiruneh, Menbere
Format: Buchkapitel
Sprache:Slowakisch
Schlagworte:
Tags: Tag hinzufügen
Keine Tags, Fügen Sie das erste Tag hinzu!

MARC

LEADER 00000naa$a2200000$$$4500
001 0109563
005 20240502083254.7
041 0 |a slo 
044 |a CZ 
245 1 0 |a Niektoré aspekty transformácie svetovej ekonomiky a rizika jej ďalšieho vývoja  |c Menbere Workie Tiruneh 
520 |a Analýza súvislostí transformácie svetovej ekonomiky a pohľad na meniace sa postavenie rôznych regiónov či zoskupení, trendy ekonomického rastu a inflačných výkyvov na jednej strane ako aj dilemy hospodárskej politiky v snahách riešenia týchto problémov na strane druhej. Riziká ďalšieho vývoja svetovej ekonomiky a možné implikácie pre hospodársku politiku. 
610 2 0 |a vývoj hospodársky 
610 2 0 |a hospodárstvo svetové 
610 2 0 |a transformácia 
610 2 0 |a politika hospodárska 
610 2 0 |a kríza hospodárska 
610 2 0 |a inflácia 
610 2 0 |a trh finančný 
100 1 |a Workie Tiruneh, Menbere